KFZ-Kennzeichen Deutschland A - M - Statistiken

Allgemein
  • Dieses Quiz wurde 130 mal gespielt
    73 seit der letzten Aktualisierung
  • Das Durchschnittsergebnis liegt bei 183 aus 415
Antwortstatistiken
Hint Antwort % Korrekt
AA Aalen
95%
A Augsburg
95%
AC Aachen
86%
AB Aschaffenburg
81%
B Berlin
81%
BI Bielefeld
76%
D Düsseldorf
76%
E Essen
76%
BAD Baden-Baden
71%
BO Bochum
71%
BOT Bottrop
71%
CUX Cuxhaven
71%
DD Dresden
71%
DU Duisburg
71%
EMD Emden
71%
F Frankfurt
71%
M München
71%
AUR Aurich
67%
BA Bamberg
67%
CO Coburg
67%
COC Cochem
67%
DO Dortmund
67%
Göttingen
67%
HH Hamburg
67%
K Köln
67%
AIC Aichach
62%
BIT Bitburg
62%
BN Bonn
62%
BOR Borken
62%
BS Braunschweig
62%
CE Celle
62%
C Chemnitz
62%
CLP Cloppenburg
62%
COE Coesfeld
62%
DAH Dachau
62%
Fürth
62%
GI Gießen
62%
HAM Hamm
62%
H Hannover
62%
L Leipzig
62%
AK Altenkirchen
57%
Altötting
57%
AZ Alzey
57%
AP Apolda
57%
BB Böblingen
57%
BRB Brandenburg
57%
HB Bremen
57%
DA Darmstadt
57%
DEG Deggendorf
57%
DEL Delmenhorst
57%
DGF Dingolfing
57%
DON Donauwörth
57%
EF Erfurt
57%
ERK Erkelenz
57%
FÜS Füssen
57%
GE Gelsenkirchen
57%
G Gera
57%
GT Gütersloh
57%
HD Heidelberg
57%
HDH Heidenheim
57%
J Jena
57%
LA Landshut
57%
LER Leer
57%
LEV Leverkusen
57%
HRO Rostock
57%
ABG Altenburg
52%
AM Amberg
52%
ABI Anhalt-Bitterfeld
52%
AZE Anhalt-Zerbst
52%
ANK Anklam
52%
AN Ansbach
52%
APD Apolda
52%
ARN Arnstadt
52%
ASL Aschersleben
52%
AIB Bad Aibling
52%
BAR Barnim
52%
BZ Bautzen
52%
BID Biedenkopf
52%
BTF Bitterfeld
52%
CW Calw
52%
CHA Cham
52%
CR Crailsheim
52%
DAU Daun
52%
DE Dessau
52%
BIR Birkenfeld
52%
EA Eisenach
52%
FL Flensburg
52%
GAP Garmisch-Partenkirchen
52%
GLA Gladbeck
52%
GTH Gotha
52%
HA Hagen
52%
HOM Homburg
52%
JÜL Jülich
52%
KL Kaiserslautern
52%
KA Karlsruhe
52%
KE Kempten
52%
KLE Kleve
52%
KR Krefeld
52%
KYF Kyffhäuser
52%
Lörrach
52%
LU Ludwigshafen
52%
LÜN Lünen
52%
MZ Mainz
52%
AH Ahaus
48%
AW Ahrweiler
48%
ALF Alfeld
48%
ALZ Alzenau
48%
ANG Angermünde
48%
AU Aue
48%
AE Auerbach
48%
BT Bayreuth
48%
BBG Bernburg
48%
BIN Bingen
48%
BOH Bocholt
48%
BOG Bogen
48%
Börde
48%
BLK Burgenlandkreis
48%
BF Burgsteinfurt
48%
BÜS Büsingen
48%
CAS Castrop-Rauxel
48%
CLZ Clausthal-Zellerfeld
48%
CB Cottbus
48%
DIL Dillenburg
48%
DKB Dinkelsbühl
48%
DIN Dinslaken
48%
DUD Duderstadt
48%
DN Düren
48%
EIC Eichsfeld
48%
EI Eichstätt
48%
EIN Einbeck
48%
EL Emsland
48%
ERB Erbach
48%
ER Erlangen
48%
ESW Eschwege
48%
ES Esslingen
48%
FS Freising
48%
FD Fulda
48%
GP Göppingen
48%
HAL Halle
48%
HVL Havelland
48%
HF Herford
48%
HX Höxter
48%
ILL Illertissen
48%
IN Ingolstadt
48%
KS Kassel
48%
KEL Kehl
48%
KO Koblenz
48%
LIP Lippe
48%
HL Lübeck
48%
MD Magdeburg
48%
MA Mannheim
48%
MR Marburg
48%
MYK Mayen, Koblenz
48%
MI Minden
48%
MS Münster
48%
MÜR Müritz
48%
AT Altentreptow
43%
ANA Annaberg-Buchholz
43%
ART Artern
43%
ASZ Aue, Schwarzenberg
43%
BK (BW) Backnang
43%
DBR Bad Doberan
43%
EMS Bad Ems
43%
BL Balingen
43%
BE Beckum
43%
BGD Berchtesgaden
43%
BGL Berchtesgadener Land
43%
BM Bergheim
43%
BER Bernau
43%
BC Biberach
43%
BK (SA) Bördekreis
43%
BNA Borna
43%
BRA Brake
43%
BRL Braunlage
43%
BRV Bremervörde
43%
BCH Buchen
43%
BÜD Büdingen
43%
BH Bühl
43%
BÜR Büren
43%
BRG Burg
43%
CA Calau
43%
DAN Dannenberg
43%
DH Diepholz
43%
DLG Dillingen
43%
EBN Ebern
43%
EBE Ebersberg
43%
EIS Eisenberg
43%
ED Erding
43%
ERH Erlangen, Höchstadt
43%
ESB Eschenbach
43%
EU Euskirchen
43%
FO Forchheim
43%
FR Freiburg
43%
FRI Friesland
43%
FFB Fürstenfeldbruck
43%
GER Germersheim
43%
GF Gifhorn
43%
GRM Grimma
43%
GG Groß-Gerau
43%
GUN Gunzenhausen
43%
HN Heilbronn
43%
HER Herne
43%
HI Hildesheim
43%
HSK Hochsauerlandkreis
43%
HOG Hofgeismar
43%
HY Hoyerswerda
43%
IL Ilmenau
43%
IK Ilm-Kreis
43%
IZ Itzehoe
43%
JL Jerichower Land
43%
KF Kaufbeuren
43%
KI Kiel
43%
KB Korbach
43%
KÖT Köthen
43%
KUS Kusel
43%
LEO Leonberg
43%
LM Limburg
43%
LWL Ludwigslust
43%
MSH Mansfeld, Südharz
43%
MY Mayen
43%
MM Memmingen
43%
MG Mönchengladbach
43%
MON Monschau
43%
IGB St. Ingbert
43%
HWI Wismar
43%
DÜW Bad Dürkheim an der Weinstraße
38%
HEF Bad Hersfeld
38%
LSZ Bad Langensalza
38%
BSK Beeskow
38%
BSB Bersenbrück
38%
BIW Bischofswerda
38%
BED Brand-Erbisdorf
38%
BUL Burglengenfeld
38%
BÜZ Bützow
38%
DZ Delitzsch
38%
DM Demmin
38%
DI Dieburg
38%
DW Dippoldiswalde
38%
DIZ Diez
38%
GZ Günzburg
38%
EBS Ebermannstadt
38%
EW Eberswalde
38%
ECK Eckernförde
38%
EG Eggenfelden
38%
EH Eisenhüttenstadt
38%
EIL Eisleben
38%
EE Elbe, Elster
38%
EM Emmendingen
38%
ERZ Erzgebirgskreis
38%
FKB Frankenberg
38%
FF Frankfurt (Oder)
38%
FDS Freudenstadt
38%
FN Friedrichshafen
38%
FZ Fritzlar
38%
GK Geilenkirchen
38%
GEL Geldern
38%
GS Goslar
38%
GW Greifswald
38%
GRZ Greiz
38%
GV Grevenbroich
38%
GVM Grevesmühlen
38%
GMN Grimmen
38%
GUB Guben
38%
HGN Hagenow
38%
HBS Halberstadt
38%
HM Hameln
38%
HU Hanau
38%
HMÜ Hann. Münden
38%
HZ Harz
38%
HAS Haßfurt
38%
HV Havelberg
38%
HS Heinsberg
38%
HP Heppenheim
38%
HET Hettstedt
38%
HIP Hilpoltstein
38%
HO Hof
38%
HR Homberg
38%
JE Jessen
38%
KEH Kelheim
38%
KK Kempen, Krefeld
38%
KT Kitzingen
38%
KN Konstanz
38%
KRU Krumbach
38%
KÜN Künzelsau
38%
LDK Lahn-Dill-Kreis
38%
LOS Landkreis Oder-Spree
38%
LRO Landkreis Rostock
38%
LL Landsberg am Lech
38%
LAU Lauf
38%
LIF Lichtenfels
38%
LI Lindau
38%
LP Lippstadt
38%
LÖB Löbau
38%
LN Lübben
38%
LBZ Lübz
38%
LUP Ludwigslust-Parchim
38%
LG Lüneburg
38%
MTK Main-Taunus-Kreis
38%
MOD Marktoberdorf
38%
MGN Meiningen
38%
MEI Meißen
38%
MEL Melle
38%
MEG Melsungen
38%
MER Merseburg
38%
MQ Merseburg, Querfurt
38%
ME Mettmann
38%
MB Miesbach
38%
MIL Miltenberg
38%
MO Moers
38%
MOS Mosbach
38%
MÜB Münchberg
38%
HST Stralsund
38%
BRK Bad Brückenau
33%
HG Bad Homburg
33%
KG Bad Kissingen
33%
KÖZ Bad Kötzting
33%
KH Bad Kreuznach
33%
LBS Bad Lobenstein
33%
MGH Bad Mergentheim
33%
DL Döbeln
33%
EB Eilenburg
33%
EN Ennepe-Ruhr-Kreis
33%
FEU Feuchtwangen
33%
FI Finsterwalde
33%
FLÖ Flöha
33%
FOR Forst
33%
FT Frankenthal
33%
FG Freiberg
33%
FTL Freital
33%
FRG Freyung, Grafenau
33%
FB Friedberg (Hessen)
33%
FW Fürstenwalde
33%
GDB Gadebusch
33%
GA Gardelegen
33%
GHA Geithain
33%
GN Gelnhausen
33%
GNT Genthin
33%
GEO Gerolzhofen
33%
GC Glauchau
33%
GR Görlitz
33%
GRA Grafenau
33%
GHC Gräfenhainichen
33%
HGW Greifswald
33%
GRH Großenhain
33%
GM Gummersbach
33%
Güstrow
33%
HC Hainichen
33%
HDL Haldensleben
33%
HCH Hechingen
33%
HEI Heide
33%
HK Heidekreis
33%
HIG Heiligenstadt
33%
HE Helmstedt
33%
HEB Hersbruck
33%
HBN Hildburghausen
33%
HÖS Höchstadt
33%
HOH Hofheim
33%
HHM Hohenmölsen
33%
HOL Holzminden
33%
HOR Horb
33%
KM Kamenz
33%
KEM Kemnath
33%
KIB Kirchheimbolanden
33%
KLZ Klötze
33%
KW Königs Wusterhausen
33%
KC Kronach
33%
KU Kulmbach
33%
KY Kyritz
33%
LR Lahr
33%
LDS Landkreis Dahme-Spreewald
33%
LF Laufen
33%
LC Luckau
33%
LH Lüdinghausen
33%
LB Ludwigsburg
33%
MAI Mainburg
33%
MKK Main-Kinzig-Kreis
33%
MSP Main, Spessart
33%
MC Malchin
33%
ML Mansfelder Land
33%
MAB Marienberg
33%
MK Märkischer Kreis
33%
MSE Mecklenburgische Seenplatte
33%
MZG Merzig
33%
MN Mindelheim
33%
MW Mittweida
33%
Mühldorf
33%
MHL Mühlhausen
33%
MTL Muldental
33%
MH Mülheim
33%
MÜL Müllheim
33%
MUC München
33%
GD Schwäbisch Gmünd
33%
AS Amberg, Sulzbach-Rosenberg
29%
FRW Bad Freienwalde
29%
GRI Bad Griesbach
29%
KÖN Bad Königshofen
29%
LIB Bad Liebenwerda
29%
GL Bergisch Gladbach
29%
BKS Bernkastel-Kues
29%
FDB Friedberg (Bayern)
29%
HAB Hammelburg
29%
HOT Hohenstein-Ernstthal
29%
LAN Landau an der Isar
29%
LD Landau in der Pfalz
29%
MOL Märkisch Oderland
29%
MAK Marktredwitz
29%
MST Mecklenburg-Strelitz
29%
MED Meldorf
29%
MEK Mittlerer Erzgebirgskreis
29%
GOA Sankt Goar
29%
GOH Sankt Goarshausen
29%
BLB Bad Berleburg
24%
MAL Mallersdorf-Pfaffenberg
24%
GAN Bad Gandersheim
19%
MET Mellrichstadt
19%
Keine übereinstimmenden Quizze gefunden
Verteilung der Resultate
Anzahl Personen mit jedem Resultat
Perzentil nach korrekt beantworteten Fragen
Ihre Resultats-Entwicklung
Sie haben dieses Quiz seit der letzten Aktualisierung nicht gespielt